MDQL
is popping MORE tags! Check the
thread
!
Quizzes
Events
Quiz Creation
Community
Videos
Private Events
Remove Ads
Sign In
Join for FREE
Feedback
Dark Mode
Quiz Categories
Sports
Geography
Music
Movies
Television
Just For Fun
Miscellaneous
History
Literature
Language
Science
Gaming
Entertainment
Religion
Holiday
For Kids
Quiz Lab
Recent
Popular Today
Quiz Kudos Today
Editor Picks
Curator Picks
Quizzes by...
Day
Popularity
Type
Ratings
Length
Year
Community
Subscriptions
Recent Discussions
Orange Saloon
Badges
Playlists
Quests
Create
Leaderboards
Showdown
Live 5
Trivia Bingo
Activity
Puzzle Library
Sporcle Events
Private Events
Virtual Trivia
Globe League
Become a Host
Pub Owners
SporcleCon
Opinionation
Our Games
Videos
Blog
Mobile Apps
Partnerships
Remove Ads and Go Orange
Feedback
Music
Pop Music
The Beatles
Song
Album
Lyrics
Bands
Singers
Artist
Clip
Rock
Rap
Classical
Billboard
Country Music
Kpop
Taylor Swift
Music
Pop Music
The Beatles
Song
Album
Lyrics
Bands
Singers
Artist
Clip
Rock
Rap
Classical
Billboard
Country Music
Kpop
Taylor Swift
Random Quiz
Search Sporcle
×
Quiz Lab
Quiz Lab
Music
Song
Type in answers that appear in a list
Type in answers that appear in a list
Classic
Best Score? Go Orange.
Same title, different songs (clips) Stats
Can you name the different artists and the song title they share?
By
Beatles1965
20m
55 Questions
74 Plays
74 Plays
74 Plays
Comments
Comments
Give Quiz Kudos
Give Quiz Kudos
-
- Ratings
hide this ad
More Info
Forced Order
Answers have to be entered in order
Answers have to be entered in order
Replay
Link that replays current quiz
Next Quiz
Link to next quiz in quiz playlist
You Got
0%
They Got
Avg Score
47%
Avg Friend Score
Upgrade to see
Score Distribution
Jump to the score distribution portion of the page
Score
0/55
Timer
20:00
0
Plays Today
Answer
% Correct
Adele
90.5%
Hello
90.5%
Let It Go
89.2%
Crazy
89.2%
Lionel Richie
86.5%
Gnarls Barkley
86.5%
Frozen
85.1%
Without You
74.3%
One
74.3%
Don't Stop
71.6%
Oasis
70.3%
Aerosmith
67.6%
Metallica
67.6%
U2
66.2%
Fleetwood Mac
64.9%
The Beatles
62.2%
Smile
62.2%
Ed Sheeran
60.8%
Sing
59.5%
Lana Del Rey
59.5%
Elvis Presley
59.5%
Lily Allen
59.5%
The Offspring
56.8%
Mariah Carey
56.8%
Seal
56.8%
Barney Theme Song
56.8%
The Kinks
55.4%
Avril Lavigne
54.1%
Answer
% Correct
I Love You
54.1%
The Book Of Mormon
48.6%
David Guetta ft. Usher
45.9%
Patsy Cline
44.6%
Ed Sheeran
44.6%
The Book Of Mormon
36.5%
I Need You
36.5%
Celine Dion
36.5%
James Bay
33.8%
The Kids Aren't Alright
31.1%
I Believe
31.1%
My Chemical Romance
29.7%
Fall Out Boy
28.4%
Nat King Cole
28.4%
5 Seconds Of Summer
23%
Foster The People
23%
A Chorus Line
23%
America
14.9%
Christina Perri
14.9%
The Neighbourhood
12.2%
N-Dubz
12.2%
McFly
10.8%
Little Mix
9.5%
Gary Barlow and The Commonwealth Band
8.1%
Woodkid
8.1%
Spring Awakening
4.1%
Prides
2.7%
Quiz Playlist
Details
Report
Send in Message
Add To Playlist
More Info:
The puppies on the video aren't clues, they're just cute
Classic:
Type in answers that appear in a list
Forced Order:
Answers have to be entered in order
Last Updated: May 13, 2020
Quiz Scoreboard
CHALLENGE
Sign Up to Join the Scoreboard
Show All
Scores
Hide
Comments
May contain spoilers
Recently Published
1-10 Letter E Words III
by El_Dandy
Language
2m
Street Fighter Characters
by Artimus82
Gaming
60s
College Basketball Coaching Resumes
by pancakes188
Sports
9m
More to Explore
Quiz From the Vault
Featured Blog Post
Where Did the Easter Bunny Come From?
hide this ad
You Might Also Like...
Tags
Clip Quiz
Song Quiz
indie
Musical Songs
Music Clip
Today's Top Quizzes in Music
Browse Music
hide this ad
Today's Top Quizzes in Song
Browse Song
Top Contributed Quizzes in Music
1
Taylor Swift All Songs (2024)
2
Taylor Swift Logic Puzzle
3
Guess the Artist- 70s Songs
4
7-to-1: Billboard Hot 100 #1 Hits of 2010s
5
Sorting Albums and Songs
6
KPOP LOGIC QUIZ
7
Billboard Blitz: Aretha Franklin
8
Guess the Taylor Swift song (Mystery Song)
9
Guess The Taylor Swift Lyrics Song #1
10
Billboard Blitz: ABBA
Explore More
Trending Topics
Crossword
Disney
NBA
Kpop
Anime
Marvel
Harry Potter
The Office
Pokémon
Puzzle
Country
WWE
NFL
Soccer
Song
hide this ad
More By:
Beatles1965
Quiz
Plays
Rating
Category
Featured
Created
Hamilton or Les Misérables?
94,877
4.72
Entertainment
Apr 30, 2016
Twenty One Pilots Songs By Screams (clip)
7,508
4.91
Music
Mar 20, 2016
Hamilton Slot Machine
7,494
4.76
Entertainment
Mar 25, 2016
Captain America: Civil War Actors In Different Films
4,358
4.65
Movies
Apr 30, 2016
Things the characters in Hamilton are not
3,516
4.77
Entertainment
Mar 25, 2016
Go to Creator's Profile
Score Distribution
Quiz Creator Spotlight
Beatles1965
Follow
Send a Message
Quizzes Created
-
Created Quiz Play Count
-
More By This Creator
Popular Quizzes Today
1
Find the US States - No Outlines Minefield
2
Find the Countries of Europe - No Outlines Minefield
3
Find the US States
4
The Countries of the World
5
Risky Map Clicking: Biggest States A-Z
6
US States
7
Popular People in 1961
8
Movies - When Are They Set?
More Music Quizzes
30 Two-Word 'M' Musicians Match-Up
Published
Trending Quizzes
Risky Map Clicking: Least Populous States A-Z
1-10 Letter G Words
1-10 Letter F Words
Countries of the World: 200 Million BC
Risky Map Clicking: Next State Alphabetically
Recently Updated
Rides in Walt Disney World
pecheneg
Most Oscar Losses (Acting)
pecheneg
Beyoncé Albums
pecheneg
Leaping Animals
pecheneg
Reality TV Shows (A-Z)
bhenderson79
Rickey Henderson's Hall of Fame Teammates
pecheneg
Champions League XIs: Arsenal
pecheneg
Quick Pick: Celebrities in WWE's Hall of Fame
aduchscher
A-Z Keypad Blitz II
pecheneg
Trending Topics
Kpop
Harry Potter
Marvel
Crossword
NBA
Anime
Disney
WWE
Soccer
Song
NFL
The Office
Puzzle
Country
Pokémon
Your Account Isn't Verified!
In order to create a playlist on Sporcle, you need to verify the email address you used during registration. Go to your
Sporcle Settings
to finish the process.
Report this User
Report this user for behavior that violates our
Community Guidelines
.
Details:
Send Report
Go to the Sporcle.com Mobile Site →
Comments